| 000 | 00560nam a2200181Ia 4500 | ||
|---|---|---|---|
| 003 | SGT | ||
| 020 | _a9788190698894 | ||
| 082 |
_a6.3 _bTRI |
||
| 100 | _aTrivedi,M.C | ||
| 245 | 2 | _aA Classical Approach to Artificial Intelligence | |
| 260 |
_bKhanna Books Publishing Co. Ltd. _aN. Delhi _c2009 |
||
| 300 | _a521p. | ||
| 650 | _aCOMPUTER SCIENCE | ||
| 653 | _aOVERVIEW OF ARTIFICIAL INTELLIGENCE, PROBLEM SOLVING AND SEARCH, SEARCH METHODS, KNOWLEDGE REPRESENTATION, EXPERT SYSTEM | ||
| 700 | _aJain,N.N | ||
| 700 | _aSarangdevot,S.S | ||
| 942 |
_2ddc _cBK _030 |
||
| 999 |
_c5404 _d5404 |
||